Vista normal
Vista MARC
Entrada Materia (corporativa)
Número de registros utilizados en: 1
001 - CONTROL NUMBER
- control field: 92519
003 - CONTROL NUMBER IDENTIFIER
- control field: Co-BoUCM
005 - DATE AND TIME OF LATEST TRANSACTION
- control field: 20180518111700.0
008 - FIXED-LENGTH DATA ELEMENTS
- fixed length control field: 180518|| aca||aabn | a|a d
040 ## - CATALOGING SOURCE
- Original cataloging agency: Co-BoUCM
- Transcribing agency: Co-BoUCM
110 ## - HEADING--CORPORATE NAME
- Corporate name or jurisdiction name as entry element: National Catholic Welfare Conference
670 ## - SOURCE DATA FOUND
- Source citation: Work cat.: (Co-BoUCM): National Catholic Welfare Conference , The Church and Social Order, 1940